Figuras humanas
Guardat en:
| Autor principal: | |
|---|---|
| Format: | Llibre |
| Idioma: | espanyol |
| Publicat: |
Buenos Aires
Sociedad Editorial Americana
1940
|
| Matèries: | |
| Etiquetes: |
Afegir etiqueta
Sense etiquetes, Sigues el primer a etiquetar aquest registre!
|
MARC
| LEADER | 00000nam a2200000 a 4500 | ||
|---|---|---|---|
| 001 | UCT5647 | ||
| 003 | CL-VaPUC | ||
| 008 | 961216e19400000AG |||||||||||||||||spa|d | ||
| 082 | 0 | 4 | |a 853 |b PAP |2 21 |
| 100 | |a Papini, Giovanni |e autor |9 456366 | ||
| 245 | 1 | 0 | |a Figuras humanas |
| 300 | |a 197 p | ||
| 942 | |c BK | ||
| 945 | |d 19961216 00:00:00 |a rleighto | ||
| 260 | |a Buenos Aires |b Sociedad Editorial Americana |c 1940 | ||
| 650 | 7 | |a CUENTOS ITALIANOS |2 CL-VaPUC |9 310431 | |
| 583 | |a last modification |c 19961216 00:00:00 |k Rodrigo Vera | ||
| 999 | |c 254535 |d 254533 | ||
| 952 | |0 0 |1 0 |4 0 |6 853_000000000000000_PAP_1940 |7 0 |8 A |9 276262 |a BIBEDU |b BIBEDU |d 2019-11-19 |i 3259110 |o 853 PAP 1940 |p 3259110 |r 2019-11-19 |w 2019-11-19 |y BK |k LIT | ||